Brandenburg Wappen der Landkreise - Statistiken

Allgemein
  • Dieses Quiz wurde 19 mal gespielt
  • Das Durchschnittsergebnis liegt bei 14 aus 18
Antwortstatistiken
Bildquiz Antwort % Korrekt
Frankfurt (Oder)
90%
Potsdam
90%
Brandenburg an der Havel
80%
Cottbus
80%
Landkreis Elbe-Elster
80%
Landkreis Havelland
80%
Landkreis Oberhavel
80%
Landkreis Oder-Spree
80%
Landkreis Potsdam-Mittelmark
80%
Landkreis Spree-Neiße
80%
Landkreis Teltow-Fläming
80%
Landkreis Märkisch-Oderland
70%
Landkreis Oberspreewald-Lausitz
70%
Landkreis Ostprignitz-Ruppin
70%
Landkreis Uckermark
70%
Landkreis Barnim
60%
Landkreis Dahme-Spreewald
60%
Landkreis Prignitz
60%
Keine übereinstimmenden Quizze gefunden
Verteilung der Resultate
Anzahl Personen mit jedem Resultat
Perzentil nach korrekt beantworteten Fragen
Ihre Resultats-Entwicklung
Sie haben dieses Quiz noch nicht gespielt